| 000 | 00432nam a2200169Ia 4500 | ||
|---|---|---|---|
| 003 | LK-CoDNM | ||
| 008 | 010623t2012 xxu||||| |||| 00| 1 sin d | ||
| 040 |
_aLK-CoDNM _dLK-CoDNM _eLK-CoDNM |
||
| 041 | _asin | ||
| 080 | _a294.3 SEE | ||
| 100 | _aSeewali Himi, Gonadeniye | ||
| 245 | _aපොහොය විත්ති | ||
| 246 | _aPohoya Viththi | ||
| 260 |
_bAuthor _aHunupitiya _c2012 |
||
| 300 | _b312, 21 cm | ||
| 942 | _cBK | ||
| 999 |
_c132580 _d132580 |
||